000 01283nam a22002297a 4500
005 20260624173828.0
008 260624s2010 |||||||| |||| 00| 0 eng d
020 _a9780443068133
040 _cPK-LaUMT
082 _a617.1027
_bBUN-G
100 1 _aBundy, Mike
_913194
245 1 2 _aA guide to sports and injury management /
_cMike Bundy and Andy Leaver
260 _aEdinburgh :
_bElsevier,
_c2010
300 _a149 p.
500 _aIncludes bibliographical references and index.
520 _aA Guide to Sports and Injury Management is a comprehensive practical guide to sports medicine care - book plus interactive DVD. Approached from the dual perspectives of a sports medicine doctor and a sports physiotherapist, this exciting new book covers the full spectrum of sports medicine from diagnosis of injuries to injury prevention, techniques for stretching and recovery protocols, rehabilitation and details on illness, drugs and diet. Colour photographs and drawings support the text, and case histories clearly illustrate the process of clinical reasoning to help make a decision and treat an injury
546 _aeng
650 _aAthletic Injuries
_913195
650 _aAthletic Injuries-prevention & control
_913196
700 1 _aLeaver, Andy
_913197
942 _cBK
999 _c141270
_d141270